Responsabilidades internacionales /

محفوظ في:
التفاصيل البيبلوغرافية
المؤلف الرئيسي: Egeland, Jan
التنسيق: نص
الموضوعات:
الوسوم: إضافة وسم
لا توجد وسوم, كن أول من يضع وسما على هذه التسجيلة!

MARC

LEADER 00000 a a2200000 04500
001 9722
003
040
100 |a Egeland, Jan  
245 |a Responsabilidades internacionales /  |c Jan Egeland 
650 |a ABUSO SEXUAL  
650 |a VIOLENCIA  
650 |a CONFLICTO ARMADO  
773 |g número 27; páginas 8-9  
999 |c 28660  |d 28660